Pastorella čáslavská pro sólový hlas, dvojzpěv a dětský sbor s průvodem varhan : partitura /
| Main Author: | Gregor, Josef, 1892-1957 |
|---|---|
| Language: | Czech |
| Published: |
Brno : Pokoj, [1930?] |
| Physical Description: |
1 sv. (nestránkován) |
| LEADER | 00729ncm a22002052a 4500 | ||
|---|---|---|---|
| 001 | 001224030 | ||
| 003 | CZ BrMZK | ||
| 005 | 20120618155352.0 | ||
| 007 | qu | ||
| 008 | 120618s1930 xr |||||||||||||||||cze d | ||
| 040 | |a BOA001 |b cze | ||
| 072 | 7 | |a 784 |x Vokální hudba |2 Konspekt |9 9 | |
| 100 | 1 | |a Gregor, Josef, |d 1892-1957 |7 jk01032629 |4 arr | |
| 245 | 1 | 0 | |a Pastorella čáslavská |h [hudebnina] : |b pro sólový hlas, dvojzpěv a dětský sbor s průvodem varhan : partitura / |c upravil Josef Gregor |
| 260 | |a Brno : |b Pokoj, |c [1930?] | ||
| 300 | |a 1 sv. (nestránkován) | ||
| 910 | |a BOA001 |b Mus4-0411.839 | ||
| 990 | |a MU | ||
| 991 | |b 201206 | ||
| 996 | 6 | |b 2619631728 |c Mus4-0411.839 |l MZK |r Sklad / do 1 hodiny |n 0 |w 001257892 |u 000010 |a 1 |e BOA001 |j MZK50 |s P | |
English
Čeština 